Winning commitment how to build and keep a competitive workforce

Saved in:
Bibliographic Details
Main Author: Dessler, Gary
Format: Book
Language:English
Published: New York McGraw-Hill, Inc. 1993
Subjects:
Tags: Add Tag
No Tags, Be the first to tag this record!

MARC

LEADER 00000nam a2200000 4500
001 c100975
005 20221123112940.7
020 |a 0-07-016630-7 
041 0 |a eng 
044 |a US 
245 1 0 |a Winning commitment  |b how to build and keep a competitive workforce  |c Gary Dessler 
264 1 |a New York  |b McGraw-Hill, Inc.  |c 1993 
300 |a 226 s. 
610 2 0 |a konkurencia 
610 2 0 |a podnik 
610 2 0 |a zamestnanci 
610 2 0 |a sily pracovné 
610 2 0 |a motivácia 
610 2 0 |a ciele podnikové 
610 2 0 |a produktivita 
610 2 0 |a programy riadiace 
610 2 0 |a výkonnosť 
610 2 0 |a výkony pracovné 
610 2 0 |a efektívnosť práce 
610 2 0 |a manažéri 
610 2 0 |a práca riadiaca 
610 2 0 |a disciplína pracovná 
610 2 0 |a morálka pracovná 
610 2 0 |a štúdie prípadové 
610 2 0 |a korporácie 
100 1 |a Dessler, Gary